000 00486nam a2200181Ia 4500
008 240925s9999 xx 000 0 und d
020 _aNA
082 _a005.43 LIN
100 _aWelsh, Matt
245 0 _aSlackware Professional Linux: user guide
250 _aNA
260 _aNA
_bNot Available
_c,1994.
300 _axvii,1271p.
_b0
_fPhotocopy
500 _aIncludes Index
600 _aComputer Science
650 _aComputer science, information & general works
942 _cBK
999 _c2963
_d2963